Simone Veil... ou Simone Weil ? - Statistiques

Statistiques générales
  • Ce quiz a été pris 170 fois
  • Le résultat moyen est 7 sur 15
Statistiques - réponses
Question Réponse % Correct
Est associée à la légalisation de l'avortement en France Simone Veil
94%
Repose au Panthéon Simone Veil
86%
Est représentée sur la miniature de ce quiz Simone Weil
82%
Est morte de la tuberculose Simone Weil
82%
Son nom de naissance est Simone Jacob Simone Veil
77%
A été déportée en camp de concentration Simone Veil
71%
Est une personnalité de gauche radicale Simone Weil
58%
A notamment travaillé sur la notion de « droits de l'Homme » Les deux
54%
Est de confession juive Simone Veil
33%
Est partie faire la guerre sur le front Simone Weil
33%
Est née sur le territoire allemand Aucune des deux
29%
A fait partie de « La Manif pour tous », contre le mariage homosexuel Simone Veil
25%
A publié plusieurs livres Simone Veil
7%
Donne son nom à une rue parisienne Simone Weil
6%
Possède un quiz JetPunk à son sujet (autre que celui-ci) Simone Weil
4%
Aucun quiz correspondant
Distribution des résultats
% des personnes avec chaque résultat
Percentile par nombre de réponses
Votre historique - résultats
Vous n’avez pas pris ce quiz